00481nam a2200157Ia 4500008004100000041000800041082001500049100001200064245002000076250001300096260004200109300001200151650003100163999001900194952011000213231207s9999 xx 000 0 und d aeng a658.50/VIB avibhute aMicroprocessor1 a2000 Ed. bshah lunawats technova pub house pune aPB/20-7 aComnputer Program Language c945666d945666 00104070aMIMbMIMd2023-12-08g265.00l0o658.50/VIBpMIM-MCA1459r2023-12-08 00:00:00w2023-12-08yBK